<El> fomento de la competencia intercultural en la clase de lenguas a través de la telecolaboración
Skúmanie postupu umožňujúceho dištančnú interakciu medzi učiteľmi jazykov synchrónnym a asynchrónnym spôsobom (tzv. telespoluprácou).
Gespeichert in:
| 1. Verfasser: | |
|---|---|
| Format: | Buchkapitel |
| Sprache: | Spanisch |
| Schlagworte: | |
| Tags: |
Keine Tags, Fügen Sie das erste Tag hinzu!
|
MARC
| LEADER | 00000naa$a2200000$$$4500 | ||
|---|---|---|---|
| 001 | 0279994 | ||
| 005 | 20240502074337.3 | ||
| 041 | 0 | |a spa | |
| 044 | |a SK | ||
| 245 | 1 | 0 | |a <El> fomento de la competencia intercultural en la clase de lenguas a través de la telecolaboración |c María Carmen Sánchez Vizcaíno |
| 520 | |a Skúmanie postupu umožňujúceho dištančnú interakciu medzi učiteľmi jazykov synchrónnym a asynchrónnym spôsobom (tzv. telespoluprácou). | ||
| 610 | 2 | 0 | |a komunikácia interkultúrna |
| 610 | 2 | 0 | |a vzdelávanie elektronické |
| 610 | 2 | 0 | |a jazyky cudzie |
| 610 | 2 | 0 | |a spolupracovníci |
| 610 | 2 | 0 | |a technológie nové |
| 100 | 1 | |a Sánchez Vizcaíno, María Carmen, 1982- | |